• 首页
  • 本馆介绍
  • 公告通知
  • 最新文献
  • 馆藏检索
  • 电子资源
  • 读者导购
  • 参考咨询
  • 我的图书馆
  • 登录
  • 详细信息显示
  • 放入我的书架
  • 预约/预借图书
  • 作者相关作品
  • 分类相关作品
  • 丛书相关作品
  • 出版社相关作品

书目信息

  • 表格格式
  • 工作单格式
  • 卡片格式
题名:
氨水
    
 
作者: 化工部 编
分册:  
出版信息: 北京   技术标准出版社  1982.8
页数: 4页
开本: 大16
丛书名:
单 册:
中图分类: T-652.2
科图分类:
主题词: 工业技术--规程 , 工业技术--标准
电子资源:
ISBN:
000 00549nam0 2200205 45
001 0312221749
005 20031222170906.7
010    @dCNY0.14
100    @a20031222d1982 km y0chiy0120 ea
101    @achi
105    @a z 000yy
200 1  @a氨水@AAn Shui@f化工部编@FHua Gong Bu Bian@e化工部标准
210    @a北京@c技术标准出版社@d1982.8
215    @a4页@d大16
606 0  @a工业技术@x规程
606 0  @a工业技术@x标准
690    @aT-652.2@v3
701 0  @a化工部@4编
801    @aCN@bTSTCL@c20031222
905    @a213230@dT-652.2@e66@b203676-677@f2
    
    氨水/化工部编:化工部标准.-北京:技术标准出版社,1982.8
    4页;大16
    
    
    ISBN :CNY0.14
    
●
相关链接 在E读中查询图书 在五车中查询图书 在当当中查询图书 在豆瓣中查询图书


正题名:氨水     索取号:T-652.2/66         预约/预借

序号 登录号 条形码 馆藏地/架位号 状态 备注
1 0203676   000864461   密集书库/ [索取号:T-652.2/66] 在馆    
2 0203677   000719084   密集书库/ [索取号:T-652.2/66] 在馆    
唐山师范学院图书馆 欢迎您!
大连网信软件有限公司© 版权所有